000 01330naa a2200217 i 4500
001 646
003 KOSZ 005
005 20180428084816.0
008 140221s2006 pl f |000 0 pol
040 _cBPK
_dKOSZ 005/EG
080 _a621.59
100 1 _aBOHDAL, Tadeusz.
_d1996 - .
_bPolitechnika Koszalińska - Wydział Mechaniczny,
_cKatedra Techniki Cieplnej i Chłodnictwa
245 1 0 _aWydajność jednostopniowej sprężarki tłokowej w urządzeniu chłodniczym parowym /
_cTadeusz Bohdal, Henryk Charun.
500 _aDane z autopsji.
520 _aPrzedstawiono interpretację pojęcia wydajności chłodniczej jednostopniowej sprężarki tłokowej wyróżniającej ją wśród sprężarek wyporowych dla innych czynników (niechłodniczych). Zwrócono uwagę na określenie wydajności chłodniczej netto i brutto sprężarki, bowiem prawidłowe określenie wydajności użytecznej (netto) ma istotny wpływ na dobór wielkości urządzenia z typoszeregu materiałów katalogowych producenta.
650 0 _aSprężarki tłokowe.
650 0 _aChłodnictwo - urządzenia.
700 1 _aCHARUN, Henryk.
_d1996 - .
_bPolitechnika Koszalińska - Wydział Mechaniczny,
_cKatedra Techniki Cieplnej i Chłodnictwa
773 0 _iW :
_tChłodnictwo i Klimatyzacja. -
_g2006, nr 9(101), s. 72-77
942 _cART
_2UKD
999 _c646
_d646